Music Quiz

Random Music or Song Quiz
Score 0/70 Timer 03:00
15 Plays Today
% Correct
the
98.8%
the
98.8%
The
98.8%
the
98.8%
The
98.8%
the
98.8%
the
98.8%
Pooh!
96.7%
Pooh,
96.7%
Pooh!
96.7%
Pooh!
96.7%
Pooh!
96.7%
Winnie
96.2%
Winnie
96.2%
Winnie
96.2%
Winnie
96.2%
Winnie
96.2%
A
88.7%
wood,
80.4%
in
79.7%
acre
76.9%
hundred
76.7%
and
76.3%
and
76.3%
and
76.3%
and
76.3%
Robin
75.1%
Christopher
75.1%
bear!
72.2%
Roo
68.7%
Piglet,
68.2%
Kanga,
67.8%
Eeyore
66.8%
little
66.1%
little
66.1%
% Correct
Owl!
65.9%
with
62.8%
Rabbit,
62.7%
is
60.2%
all,
59.1%
all
59.1%
where
58.9%
Deep
58.5%
friend,
56.9%
of
56.8%
of
56.8%
stuffed
54.9%
fluff
54.5%
old
54.1%
He's
51.7%
plays.
50.8%
silly
50.4%
his
48.1%
There's
47.4%
there's
47.4%
donkey
46.4%
named
44.7%
But
43.1%
most
41.2%
Willy,
39.7%
nilly,
38.2%
find
35.8%
days.
35.3%
Tubby
34.6%
enchanted
34.5%
You'll
34.4%
neighborhood,
34.2%
childhood
34.1%
Christopher's
31.1%
cubby
28.8%
Remove Ads.
Support Sporcle.
Get the best of Sporcle when you Go Orange. This ad-free experience offers more features, more stats, and more fun while also helping to support Sporcle. Thank you for becoming a member.

You're not logged in!

Compare scores with friends on all Sporcle quizzes.
OR
Log In

Show Comments

Extras

Top Quizzes Today


Score Distribution

Your Account Isn't Verified!

In order to create a playlist on Sporcle, you need to verify the email address you used during registration. Go to your Sporcle Settings to finish the process.

Report this User

Report this user for behavior that violates our Community Guidelines.

Details: